E-learning na vybraných vysokých a stredných školách diplomová práca

Gespeichert in:
Bibliographische Detailangaben
1. Verfasser: Beliš, Rudolf
Körperschaft: Fakulta hospodárskej informatiky EU. Katedra aplikovanej informatiky
Weitere Verfasser: Kanáliková, Alžbeta, 1969-
Format: Buch
Sprache:Slowakisch
Veröffentlicht: Bratislava 2013
Tags: Tag hinzufügen
Keine Tags, Fügen Sie das erste Tag hinzu!

MARC

LEADER 00000nbm a2200000 4500
001 0171649
005 20161109102447.8
041 0 |a slo 
044 |a SK 
245 1 0 |a E-learning na vybraných vysokých a stredných školách  |b diplomová práca  |c Rudolf Beliš ; školiteľ: Alžbeta Kanáliková 
264 1 |a Bratislava  |c 2013 
300 |a 60 s. 
100 1 |a Beliš, Rudolf 
700 1 |a Kanáliková, Alžbeta, 1969- 
710 2 |a Fakulta hospodárskej informatiky EU. Katedra aplikovanej informatiky